00325nam a2200121Ia 4500008004100000041000800041082001200049100001900061245004500080260003500125300003200160365001100192240624s9999 xx 000 0 und d aeng a200 KER aKERSTEN HOLGER aJESUS LIVED IN INDIA HIS UNKNOWN LIFE BE c2001aNew DelhibPenguin Books aviii, : 264 : p. : cm. ; 21 cRSb30